[Event "Centralserbian-chT 2020"]
[Site "Bajina basta"]
[Date "2020.10.13"]
[Round "5.16"]
[White "Radovic, Janko"]
[Black "Popovic, Nenad"]
[Result "1-0"]
[WhiteElo "2433"]
[BlackElo "2249"]
[Annotator "TA"]
[PlyCount "73"]
[EventDate "2020.10.10"]
[EventType "team-tourn"]
[EventCountry "SRB"]
[SourceTitle "playchess.com"]
[Source "ChessBase"]
[SourceQuality "1"]

{[%evp 9,73,-22,35,27,29,33,30,30,38,9,19,14,24,16,41,41,41,41,41,34,34,34,34,34,39,35,45,50,42,41,43,55,158,150,149,154,151,116,193,235,222,214,220,209,303,302,266,270,270,264,412,414,396,414,416,412,446,505,511,490,554,539,676,636,4802,3843]} 1. e4 c6 2. d4 d5 3. e5 Bf5 4. h4 h5 5. Bg5 Qc7 (5... Qb6 $11) 6. c4 $14 {B12: Caro-Kann: Advance Variation.} dxc4 7. Bxc4 e6 {[#]} 8. Nc3 $146 {White has an edge.} ({Predecessor:} 8. Ne2 Nd7 9. Nbc3 Nb6 10. Bb3 Nd5 11. Ng3 Nxc3 12. bxc3 Bg6 13. Bc2 Bxc2 14. Qxc2 {1-0 (30) Koziorowicz,M (2099)-Dalkowski,R (1893) Szklarska Poreba 2020}) 8... Nd7 9. Nf3 Ne7 10. O-O Nb6 11. Bd3 Bxd3 12. Qxd3 Nf5 13. Rac1 Qd7 14. Ne4 Be7 15. Bxe7 Qxe7 16. g3 O-O-O 17. Nc5 Rd5 18. Qa3 Kb8 19. Qb4 Rhd8 {[%cal Rd5d4]} 20. Rfd1 f6 (20... Qc7 $14) 21. a4 $16 {[%cal Ba2a4,Ba4a5,Ba5a6][%mdl 32]} Ka8 22. a5 Nc8 23. Re1 $36 {[%mdl 2048] White is on the roll.} Nxd4 (23... a6 $16 {might work better.}) 24. Nxd4 $18 Rxd4 25. Qb3 {Strongly threatening exf6.} fxe5 {[#]} 26. a6 $1 {[%cal Ra6b7]} ({Don't play} 26. Qxe6 $6 Re8 $16) ({Don't do} 26. Nxe6 $6 Rd3 $16) 26... b6 (26... bxa6 {was called for.} 27. Nxe6 (27. Rxe5 R8d5 $16) 27... Rd3) 27. Nxe6 {[%mdl 64] Double Attack} Rd3 28. Qc4 R8d6 29. Rxe5 Rd1+ (29... Qf6 $142 30. Qe4 Qf3 31. Qxf3 Rxf3 32. Nxg7 Kb8 33. Nxh5 Rf7) 30. Rxd1 Rxd1+ 31. Kg2 Rd6 32. Qe4 Kb8 33. Nf4 {White is clearly winning.} Qc7 34. Rxh5 b5 35. b4 Qb6 36. Rh8 {Threatens to win with Ne6.} Qxa6 {[#]} 37. Qe5 $1 {[%mdl 512] Av CentiPawn Loss W=-31/B=-53. Weighted=-14/-45} 1-0

[Event "Centralserbian-chT 2020"]
[Site "Bajina basta"]
[Date "2020.10.13"]
[Round "6.1"]
[White "Ivic, Velimir"]
[Black "Dudin, Gleb"]
[Result "1-0"]
[WhiteElo "2548"]
[BlackElo "2386"]
[Annotator "TA"]
[PlyCount "81"]
[EventDate "2020.10.10"]
[EventType "team-tourn"]
[EventCountry "SRB"]
[SourceTitle "playchess.com"]
[Source "ChessBase"]
[SourceQuality "1"]

{[%evp 25,81,30,37,42,43,42,38,34,42,34,25,21,22,22,21,14,25,22,26,28,68,54,60,54,43,44,63,29,29,31,31,38,41,37,224,214,209,217,226,220,724,718,1257,1255,1196,556,1676,1676,1645,1029,29990,29991,29992,29993,29993,29994,29996,29994]} 1. e4 e5 2. Nf3 Nf6 3. Nxe5 d6 4. Nf3 Nxe4 5. d4 d5 6. Bd3 Nc6 7. O-O Be7 8. Nbd2 Bf5 9. Re1 Nxd2 10. Qxd2 Bxd3 11. Qxd3 O-O 12. c3 a6 13. Bf4 Qd7 14. Re2 {14.Re3 is vanishing. C42: Petroff Defence: 3 Nxe5 and unusual White 3rd moves.} Rae8 15. Rae1 Bd8 16. h3 {White is slightly better. 16.Nd2 is more advanced technology.} Rxe2 17. Qxe2 f6 18. Nd2 a5 19. Nb3 {Strongly threatening Nc5.} b6 $1 {[#]} 20. Nc1 $146 ({Predecessor:} 20. Qb5 Ne5 21. Qxd7 Nxd7 22. a4 Kf7 23. Nd2 Re8 24. Rxe8 Kxe8 25. b4 c6 26. Bd6 {½-½ (46) Wan,Y (2500)-Bai,J (2588) China 2018}) 20... Kf7 21. Qh5+ Kg8 22. Nd3 g6 23. Qf3 {aiming for Bh6.} Kf7 24. Bg5 $36 {[%mdl 2048] White fights for an advantage.} Kg7 25. Bd2 g5 26. Qe2 h6 27. f4 Ne7 28. fxg5 hxg5 29. h4 Nc8 $2 {Loses the game.} ({Black should try} 29... Ng6 $1 $14) 30. hxg5 $18 fxg5 {[#]} 31. Qe5+ $1 Bf6 {[#]} 32. Qg3 $1 Qd8 $2 (32... Qf5 33. Nf4 (33. Qxc7+ Rf7 $16) 33... Rf7) 33. Nf4 {And now Ne6+ would win.} Kf7 34. Ne6 {[%mdl 64] Double Attack} Qd6 35. Qf3 (35. Qg4 $142 Qe7 36. Nxf8 {[%mdl 64] Discovered Attack} Qxf8 37. Bxg5 Bxg5 38. Qh5+ Kg8 39. Qxg5+ {[%mdl 64] Double Attack} Kh7 40. Qh5+ Qh6 41. Qf5+ Qg6 42. Qxc8) 35... g4 36. Qxg4 Rh8 37. Bf4 Qc6 38. Bg5 {White mates.} Qd6 39. Bxf6 Qh2+ 40. Kf2 Rg8 41. Ng5+ {Av CentiPawn Loss W=-47/B=-119. Weighted=-20/-139} 1-0

[Event "Centralserbian-chT 2020"]
[Site "Bajina basta"]
[Date "2020.10.13"]
[Round "6.2"]
[White "Djordjevic, Vuk"]
[Black "Perunovic, Miodrag"]
[Result "1-0"]
[WhiteElo "2347"]
[BlackElo "2440"]
[Annotator "TA"]
[PlyCount "99"]
[EventDate "2020.10.10"]
[EventType "team-tourn"]
[EventCountry "SRB"]
[SourceTitle "playchess.com"]
[Source "ChessBase"]
[SourceQuality "1"]

{[%evp 15,99,9,5,0,0,0,16,16,16,16,20,15,18,16,22,22,16,18,13,13,16,15,30,-10,-12,-15,116,112,106,99,171,90,199,199,169,178,182,176,179,95,87,87,87,87,120,110,144,144,144,144,152,146,152,141,183,141,183,141,183,134,180,187,187,180,176,165,203,208,206,199,199,172,216,218,215,214,206,206,176,206,203,163,157,147,689,680]} 1. e4 e6 2. d4 d5 3. Nc3 Bb4 4. e5 c5 5. a3 Bxc3+ 6. bxc3 Qa5 7. Bd2 Qa4 8. h4 Ne7 9. h5 {C18: French: 3 Nc3 Bb4: Main line: 7 h4 and 7 Qg4.} h6 10. Rh4 Nf5 11. Rf4 {The position is equal.} c4 12. Nf3 Nc6 13. g3 Bd7 14. Bh3 Rf8 {[#]} 15. g4 $146 ({Predecessor:} 15. Kf1 O-O-O 16. g4 Nfe7 17. Nh4 Ng8 18. Rf3 f6 19. Ng6 Rfe8 20. Bf4 Nce7 21. Qe2 Nxg6 22. hxg6 {0-1 (48) Stankovic,M (2465)-Djordjevic,V (2401) Paracin 2019}) 15... Nfe7 16. g5 O-O-O 17. gxh6 gxh6 18. Nh2 Nf5 19. Bxf5 exf5 20. Rh4 Rde8 (20... Rh8 $11) 21. Bxh6 $16 Rg8 22. Kd2 Qa5 (22... Nd8 $16 23. Be3 Ne6) 23. Be3 (23. Qh1 $18) 23... Qd8 (23... f6 $16 {might work better.}) 24. Nf3 $18 f6 25. exf6 Qxf6 {[#]} 26. Qh1 $1 Re4 {[#]} 27. Qh2 (27. Rxe4 $1 $18 fxe4 28. Rg1 Rxg1 29. Nxg1) 27... Rgg4 $16 28. Rxg4 fxg4 {[#]} 29. Ne5 $1 {[%mdl 512]} Nxe5 30. dxe5 Qxe5 31. Qxe5 Rxe5 {[%mdl 4096] Endgame KRB-KRB} 32. Rh1 ({Much worse is} 32. Bxa7 $6 Rxh5 33. Bd4 Rh2 $11) 32... Bf5 33. h6 {Strongly threatening Rh5.} Re7 34. Rh5 Rf7 35. Bd4 {aiming for Rxf5!} Be4 36. Rg5 Kd7 37. Rxg4 a6 38. f4 Ke6 39. Be5 Bh7 40. Rg2 Be4 41. Rh2 Bh7 42. Ke3 Be4 43. Kd4 b6 44. Rh5 Bxc2 45. Rh2 Be4 46. Rb2 Rb7 47. Bg7 b5 48. Re2 Kf7 49. f5 {Threatens to win with Rh2.} a5 $2 {[%mdl 8192]} (49... Kg8 $16) 50. Rh2 {Av CentiPawn Loss W=-10/B=-28. Weighted=-10/-56} 1-0

[Event "Centralserbian-chT 2020"]
[Site "Bajina basta"]
[Date "2020.10.13"]
[Round "6.3"]
[White "Pavlovic, Dejan S"]
[Black "Brankovic, Dejan"]
[Result "0-1"]
[WhiteElo "2390"]
[BlackElo "2300"]
[Annotator "TA"]
[PlyCount "128"]
[EventDate "2020.10.10"]
[EventType "team-tourn"]
[EventCountry "SRB"]
[SourceTitle "playchess.com"]
[Source "ChessBase"]
[SourceQuality "1"]

{[%evp 24,128,20,19,26,0,0,0,0,0,0,-27,-20,-56,-51,-47,-53,-51,-58,-39,-30,-40,-27,-40,0,0,0,-10,-9,-21,-16,-24,-22,-47,-45,-93,-58,-78,-56,-108,-117,-134,-133,-141,-119,-216,-224,-192,-128,-252,-249,-246,-247,-328,-260,-392,-383,-338,-352,-352,-337,-329,-343,-335,-320,-322,-265,-472,-476,-458,-446,-451,-459,-455,0,-381,0,-454,-445,-471,-451,-520,-456,-425,-404,-29958,-808,-29983,-29978,-5505,-1583,-1510,-1533,-1506,-1503,-1503,-1427,-1305,-1349,-1147,-1089,-858,-589,-553,-525,-29998,-29999]} 1. d4 g6 2. e4 Bg7 3. Nc3 c5 4. Nf3 cxd4 5. Nxd4 Nc6 6. Be3 Nf6 7. Bc4 d6 8. f3 Qb6 9. Nf5 Qxb2 10. Nxg7+ Kf8 11. Nd5 Nxd5 12. Bxd5 Kxg7 13. O-O Qc3 {B75: Sicilian Dragon: Yugoslav Attack, Miscellaneous.} 14. Re1 Bd7 15. Rb1 {And now Rb3 would win.} Rab8 {The position is equal.} 16. Rb3 Qa5 $1 {[#]} 17. Qa1+ $146 ({Predecessor:} 17. Qc1 Rhc8 18. Bd2 Qc7 19. Bh6+ Kg8 20. Qb2 e5 21. f4 Nd4 22. fxe5 dxe5 23. Rxb7 Rxb7 24. Qxb7 Qxb7 25. Bxb7 Rxc2 {½-½ (110) Kulaots,K (2557)-Macieja,B (2584) Turin 2006}) 17... f6 $1 18. Reb1 Qc7 19. Qb2 {[%cal Rb3b7]} b6 20. Rc3 Rhc8 21. f4 Qd8 22. Rd1 Qe8 23. Bf2 Na5 24. e5 dxe5 25. fxe5 Rxc3 $1 26. Qxc3 {aiming for exf6+.} Rc8 $36 {[%mdl 2048] Black has good play.} 27. Qd4 Nc6 ({But not} 27... Rxc2 $6 28. Be4 $16) 28. exf6+ exf6 29. Qf4 Qe5 30. Qd2 Be6 31. c4 {[#] Black continues to play with concentration.} (31. Bxe6 $15 Qxe6 32. Qd7+ Qxd7 33. Rxd7+ Kg8 34. h3) 31... Rd8 $1 $17 32. Bg3 {[#]} Qh5 $1 33. h3 b5 34. Qc1 (34. Re1 $17 Bxd5 35. cxd5 Rxd5 36. Qc3) 34... bxc4 $19 ({Resist} 34... Bxd5 35. cxd5 Rxd5 36. Re1 $17) 35. Bf3 Qa5 ({Black should try} 35... Rxd1+ $19 36. Bxd1 Qa5) 36. Kh2 (36. Bxc6 $17 Qc5+ 37. Kf1 Rxd1+ 38. Qxd1 Qxc6 39. Qd6) 36... Rxd1 37. Qxd1 Ne5 38. Be4 Qc5 39. Qa4 (39. Qc2 $142) 39... Bd7 40. Qa6 Qc7 41. Qa3 {Threatening mate with Qe7+.} Bf5 42. Bxf5 gxf5 43. Qc3 Qc5 44. Kh1 Kg6 45. Bf4 $2 (45. Bh2) 45... Nd3 46. Bg3 f4 47. Bh4 Ne5 48. Qc2+ Nd3 49. Qc3 $1 Ne5 50. Qc2+ $1 f5 51. Bf2 Qd5 52. Bxa7 f3 53. Be3 Nd3 54. a4 (54. gxf3 $19 Qxf3+ 55. Qg2+ Qxg2+ 56. Kxg2) 54... Qe4 55. Bb6 Qe1+ 56. Kh2 f2 (56... Qe5+ $142 57. Kg1 Qg3) 57. Bxf2 Nxf2 58. Qxc4 Qh1+ 59. Kg3 Ne4+ 60. Kf4 Qh2+ 61. Ke3 Qg3+ 62. Kd4 Qf2+ 63. Ke5 Qb2+ 64. Kf4 {Qg8+ would now be nice for White.} Qd2+ {Av CentiPawn Loss W=417/B=-54. Weighted=140/-35} 0-1

[Event "Centralserbian-chT 2020"]
[Site "Bajina basta"]
[Date "2020.10.13"]
[Round "6.3"]
[White "Pavlovic, Dejan S"]
[Black "Brankovic, Dejan"]
[Result "1-0"]
[WhiteElo "2390"]
[BlackElo "2300"]
[Annotator "TA"]
[PlyCount "49"]
[EventDate "2020.10.10"]
[EventType "team-tourn"]
[EventCountry "SRB"]
[SourceTitle "playchess.com"]
[Source "ChessBase"]
[SourceQuality "1"]

{[%evp 11,49,27,50,22,23,29,66,18,26,18,13,16,20,17,25,4,30,13,85,0,158,0,0,-5,200,182,196,194,201,189,272,290,662,270,295,212,566,551,983,939]} 1. e4 c5 2. Nf3 e6 3. d4 cxd4 4. Nxd4 Nc6 5. Nc3 Qc7 6. Be3 a6 7. Qf3 {Nowadays more popular than 7.Qd2. B48: Sicilian: Taimanov: 5 Nc3 Qc7 6 Be3 a6 without Be2.} Nf6 8. O-O-O Be7 9. Nxc6 {White is slightly better.} bxc6 10. g4 d5 11. g5 Nd7 12. Kb1 Rb8 {[#]} 13. Bc1 $146 ({Predecessor:} 13. h4 Qa5 14. Bc1 O-O 15. b3 Bd6 16. Bb2 Be5 17. Qe3 Qb6 18. Qd2 Qc7 19. Na4 {1-0 (35) Schaub,J-Dominguez Ortega,L ICCF email 2017}) 13... O-O 14. h4 f5 (14... Nb6 $11) 15. exf5 (15. exd5 $16 Ne5 16. d6 Bxd6 17. Qg3) 15... exf5 $2 (15... Rxf5 $11 16. Qe2 Nc5) 16. Bg2 $2 (16. Bf4 $16 Qb7 17. Na4 (17. Bxb8 Qxb8 18. Na4 Ne5 $16)) 16... Ne5 $11 17. Qe2 {aiming for Bxd5+!} f4 $2 {[#] Black cannot hold the game after this.} (17... Bd6 $11 {and Black stays safe.}) 18. Bxd5+ $1 $18 {[%mdl 512]} Kh8 {[#] next ...Bb4 is good for Black.} (18... cxd5 19. Nxd5) 19. f3 $1 Bb4 {White should prevent ...Bxc3.} 20. Bb3 Bxc3 (20... a5 $142) 21. bxc3 {[%cal Bb2c3,Bc3c4][%mdl 32] Hoping for Bxf4!} c5 $2 {[#]} (21... Bf5 22. Rhe1 Nd7) 22. Rhe1 (22. Bxf4 $142 $1 {[%mdl 512]} c4 {[%mdl 64] Pin} (22... Rxf4 23. Qxe5) 23. Bxe5) 22... Nc6 23. Bb2 Bb7 $2 (23... Bf5 {is more resistant.} 24. h5 (24. Qxa6 Bg6 $16) 24... Na5) 24. h5 Na5 {Now ...c4 and Black clings on.} 25. c4 {Av CentiPawn Loss W=-48/B=-100. Weighted=-43/-94} 1-0

[Event "Centralserbian-chT 2020"]
[Site "Bajina basta"]
[Date "2020.10.13"]
[Round "6.4"]
[White "Jevtic, Sasa"]
[Black "Radovanovic, Dusan"]
[Result "1/2-1/2"]
[WhiteElo "2279"]
[BlackElo "2326"]
[Annotator "TA"]
[PlyCount "111"]
[EventDate "2020.10.10"]
[EventType "team-tourn"]
[EventCountry "SRB"]
[SourceTitle "playchess.com"]
[Source "ChessBase"]
[SourceQuality "1"]

{[%evp 13,111,0,0,0,38,-3,-10,-15,-4,-11,-12,-8,0,0,0,0,0,0,0,-33,-31,-45,-13,-142,-58,-117,-119,-119,-112,-119,-119,-113,-122,-122,-122,-127,-126,-122,-109,-122,-122,-122,-120,-120,0,-128,-131,-129,-129,-127,-52,-127,-120,-118,-81,-120,-120,-139,-118,-118,-119,-135,-130,-133,-130,-133,-122,-128,-57,-154,-153,-274,-253,-251,-251,-369,-383,-422,-394,-354,0,-53,-63,-37,-17,-8,0,0,0,0,0,0,0,0,0,0,0,0,0,0]} 1. d4 Nf6 2. Nf3 e6 3. e3 b6 4. Bd3 Bb7 5. c4 d5 6. O-O Bd6 7. cxd5 exd5 8. Nc3 {E14: Queen's Indian: Classical Variation (4 e3).} Nbd7 9. b3 {has lost popularity (9.Qc2).} a6 10. a4 Qe7 11. Bb2 O-O {[#]} 12. Nd2 $146 ({Predecessor:} 12. a5 b5 13. Ne2 Ne4 14. Ne1 Qh4 15. g3 Qh6 16. Ng2 f5 17. f3 g5 18. Bc2 {½-½ (25) Gareyev,T (2600)-Swiercz,D (2670) Orlando 2019}) 12... Ne4 13. Bxe4 dxe4 14. Nc4 f5 15. Nxd6 cxd6 16. g3 Nf6 17. Ba3 Qe6 {Black wants to play ...f4.} 18. a5 (18. d5 $11 {keeps the balance.} Nxd5 19. Qd4) 18... b5 (18... f4 $1 $17 19. exf4 Qh3) 19. Ne2 (19. d5 $15 Nxd5 20. Rc1) 19... Nd5 $17 20. Nf4 Nxf4 21. gxf4 Bd5 22. Kh1 Bxb3 23. Qd2 Bd5 24. Rac1 Ra7 25. Rg1 Kh8 26. Rc2 Rd7 27. Rg3 Qf7 28. Rc1 Qe6 ({Black should play} 28... Rg8 $17 29. Bb4 Rf8) 29. Qb4 (29. Rc2 $1 $11) 29... h6 30. Rcg1 Kh7 31. Qc3 Rff7 (31... Rg8 $17 32. Bb4 g6) 32. Rc1 (32. Qc8 $15) 32... Rb7 33. Bb4 Qd7 34. Qd2 Rc7 35. Rgg1 Rc4 36. Rxc4 bxc4 37. Qc3 Qc6 38. Qa3 Rd7 39. h3 Bf7 40. Bc3 Qd5 ({Black should try} 40... d5 $17 41. Qf8 Bg6) 41. Rb1 ({Better is} 41. Kh2 $1 $15) 41... g5 $1 {[%cal Rg5f4] Strongly threatening ...gxf4.} 42. fxg5 (42. Qa4 $17 {is a better defense.} Be6 43. Rb6) 42... hxg5 43. Qa4 Be6 $1 44. Rb8 (44. Rg1 $142 f4 45. Qd1) 44... f4 $19 45. Qd1 {Qh5+ would now be nice for White.} f3 46. Qg1 Bxh3 $2 {[#]} (46... Kg6 $1 $19 47. Rh8 Qf5) 47. Qg3 (47. Qh2 $1 $11 {[%mdl 512]} g4 48. Kg1) 47... Kg6 $15 48. Rh8 ({Don't blunder} 48. Qxh3 $2 {[#]} Rh7 $1 $19 {[%mdl 512]}) 48... Bg2+ (48... Be6 $5 {[%cal Rd7b7]} 49. Qh2 Bg8 $15) 49. Kh2 $1 {The position is equal.} Rh7+ (49... Kf5 $5 50. Rh5 $8 Rg7 $11) 50. Rxh7 Kxh7 51. Qg4 $1 Kg6 {And now ...Qf5 would win.} 52. Qc8 Qf7 {( -> ...Qh7+)} 53. Kg3 Kh7 54. d5 Kg6 55. Qd8 Kh5 ({Stronger than} 55... Qxd5 56. Qf6+ Kh5 57. Qh8+ Kg6 58. Qg7+ Kh5 59. Qh7#) 56. Qh8+ {White happily takes the draw. Av CentiPawn Loss W=-19/B=-19. Weighted=-24/-19} 1/2-1/2

[Event "Centralserbian-chT 2020"]
[Site "Bajina basta"]
[Date "2020.10.13"]
[Round "6.6"]
[White "Dimitrijevic, Nenad"]
[Black "Zivkovic, Ivan B"]
[Result "*"]
[WhiteElo "2142"]
[BlackElo "2330"]
[Annotator "ChessBase"]
[PlyCount "32"]
[EventDate "2020.10.10"]
[EventType "team-tourn"]
[EventCountry "SRB"]
[SourceTitle "playchess.com"]
[Source "ChessBase"]
[SourceQuality "1"]

1. e4 c5 2. Nc3 g6 3. g3 Nc6 4. Bg2 Bg7 5. d3 d6 6. Be3 Qa5 7. Qd2 Nd4 8. f4 e6 9. Nf3 Ne7 10. O-O Nec6 11. e5 d5 12. Bf2 O-O 13. g4 f6 14. exf6 Bxf6 15. Rae1 Bd7 16. Nxd4 Nxd4 *

[Event "Centralserbian-chT 2020"]
[Site "Bajina basta"]
[Date "2020.10.13"]
[Round "6.6"]
[White "Dimitrijevic, Nenad"]
[Black "Zivkovic, Ivan B"]
[Result "1/2-1/2"]
[WhiteElo "2142"]
[BlackElo "2330"]
[Annotator "TA"]
[PlyCount "49"]
[EventDate "2020.10.10"]
[EventType "team-tourn"]
[EventCountry "SRB"]
[SourceTitle "playchess.com"]
[Source "ChessBase"]
[SourceQuality "1"]

{[%evp 19,49,6,31,34,36,0,31,-39,-49,-31,-16,-45,-41,-78,-45,-47,-33,-127,-101,-103,-101,-104,-86,-118,-15,-18,-18,-24,-25,-16,-20,-16]} 1. e4 c5 2. Nc3 g6 3. g3 Nc6 4. Bg2 Bg7 5. d3 d6 6. Be3 Qa5 7. Qd2 Nd4 8. f4 e6 9. Nf3 Ne7 10. O-O Nec6 11. e5 {And now Ne4 would win. B26: Closed Sicilian: 3 g3, lines with early Be3.} d5 12. Bf2 O-O {[#]} 13. g4 $146 (13. Bxd4 $14 cxd4 14. Ne2) ({Predecessor:} 13. a3 f6 14. exf6 Bxf6 15. Rae1 Nxf3+ 16. Bxf3 Nd4 17. Bg2 Bd7 18. g4 Kh8 19. Bg3 {0-1 (32) Buckley,M (2130)-Pinter,G (2376) Millfield 2003}) 13... f6 $15 14. exf6 Bxf6 15. Rae1 Bd7 16. Ne5 Nxe5 17. fxe5 Bg7 18. Bg3 (18. Bh4 $15) 18... Qb4 19. Qc1 {With the idea Rxf8+.} Rxf1+ 20. Rxf1 Nc6 21. Rf4 {[#]} Qa5 (21... Qb6 $1 $17 {Hoping for ...Bh6.} 22. Rf6 c4+ 23. Bf2 d4) 22. Nxd5 $1 $11 exd5 23. Bxd5+ Kh8 24. e6 $1 {[%cal Re6d7]} Nd4 25. Qe3 $1 {Av CentiPawn Loss W=-18/B=-16. Weighted=-19/-13} 1/2-1/2

[Event "Centralserbian-chT 2020"]
[Site "Bajina basta"]
[Date "2020.10.13"]
[Round "6.7"]
[White "Ristic, Nebojsa B"]
[Black "Narancic, Vlado"]
[Result "1-0"]
[WhiteElo "2312"]
[BlackElo "2281"]
[Annotator "TA"]
[PlyCount "69"]
[EventDate "2020.10.10"]
[EventType "team-tourn"]
[EventCountry "SRB"]
[SourceTitle "playchess.com"]
[Source "ChessBase"]
[SourceQuality "1"]

{[%evp 9,69,51,60,28,54,58,72,77,138,80,88,85,100,98,110,105,164,166,158,160,254,238,279,221,497,207,411,383,494,490,611,577,595,577,609,609,1020,1006,1267,1218,2810,2822,1967,1527,1505,1481,1306,1338,1325,1313,1585,1459,1312,1289,29983,29984,29976,29977,29988,29989,29987,29988]} 1. d4 Nf6 2. Bf4 g6 3. Nc3 Bg7 4. e4 d6 5. Qd2 c6 6. f3 {B07: Pirc Defence: Miscellaneous Systems.} O-O 7. O-O-O Qc7 8. Bh6 {White is better.} e5 {[#]} ({Better is} 8... c5) 9. dxe5 ({White should play} 9. h4 $1) 9... dxe5 $16 10. h4 Nh5 {[#]} 11. Bxg7 $146 ({Predecessor:} 11. Nge2 Be6 12. g4 Nf4 13. Bxg7 Kxg7 14. Nxf4 exf4 15. Qd4+ Kg8 16. e5 Nd7 17. Re1 Rad8 18. Qxf4 b5 19. h5 b4 20. Qxb4 Nxe5 21. hxg6 fxg6 22. Qe4 {1-0 (22) Borawski,J (1988)-Filimoniuk,M (1766) Bialystok 2013}) 11... Kxg7 12. Nge2 Be6 (12... Kh8 $16) 13. g4 $18 Nf6 14. h5 $36 {[%mdl 2048] White is really pushing.} b5 (14... Qe7 $16 15. Ng3 Nbd7) 15. Ng3 Ng8 16. Bd3 Qe7 $2 (16... Na6 17. Rh2 (17. hxg6 fxg6 18. Qe3 Rad8 $16) 17... Kh8) 17. g5 (17. hxg6 $142 fxg6 {[#]} 18. Nf5+ $1 {[%mdl 512]} Bxf5 19. exf5) 17... Rd8 $2 (17... Nd7 18. Kb1 Rad8) 18. f4 exf4 19. Qxf4 b4 20. Nce2 Kf8 21. hxg6 hxg6 22. Rh8 Qc5 {If Black can now play ...Nd7 this consolidates a bit.} 23. e5 Nd7 24. Nd4 Bxa2 25. e6 {[%csl Ge6][%cal Rf4f7]} Ne5 26. Qf6 {White wants to mate with Ngf5!} Rxd4 {[#]} 27. e7+ $1 {[%mdl 512]} Qxe7 {[#]} 28. Rxg8+ $1 {[%mdl 576] Remove Defender, Deflection} Kxg8 29. Qxe7 Nxd3+ 30. cxd3 Rh4 31. Ne4 a5 32. Nf6+ {White mates.} Kg7 33. Re1 Rhh8 34. Qe5 Kf8 35. Ne8 {Av CentiPawn Loss W=-40/B=-97. Weighted=-48/-120} 1-0

[Event "Centralserbian-chT 2020"]
[Site "Bajina basta"]
[Date "2020.10.13"]
[Round "6.10"]
[White "Popovic, Nenad"]
[Black "Milic, Slobodan"]
[Result "1-0"]
[WhiteElo "2249"]
[BlackElo "1888"]
[Annotator "TA"]
[PlyCount "79"]
[EventDate "2020.10.10"]
[EventType "team-tourn"]
[EventCountry "SRB"]
[SourceTitle "playchess.com"]
[Source "ChessBase"]
[SourceQuality "1"]

{[%evp 11,79,11,19,8,33,39,34,9,26,15,26,0,0,-1,0,0,11,-6,3,-12,0,8,44,48,55,-2,36,33,18,-37,108,66,53,-181,37,-86,-85,-65,0,4,67,21,55,-10,-8,-28,-31,-87,105,87,95,83,96,-115,94,54,47,73,127,107,131,135,191,200,197,185,348,333,285,-131]} 1. d4 d5 2. c4 c6 3. e3 Nf6 4. Bd3 e6 5. Nd2 Be7 6. Ngf3 Nbd7 7. Qc2 {D30: Queen's Gambit Declined: Systems without Nc3.} dxc4 8. Nxc4 c5 {[#]} 9. b3 $146 {White is slightly better.} ({Predecessor:} 9. O-O b5 10. Nce5 Qb6 11. a4 b4 12. a5 Qd6 13. a6 O-O 14. Ra5 Qc7 15. Ra4 {1-0 (35) Goetz,A (1776)-Diehl,A (1925) Bayern 1999}) 9... cxd4 10. Nxd4 Bb4+ 11. Kf1 O-O 12. a3 Be7 13. Bb2 a6 14. b4 Qc7 15. Qb3 b5 16. Na5 Nb6 17. Rc1 Qd7 18. Rd1 ({Better is} 18. Nf3 $14) 18... Qe8 19. Nf3 Bd7 20. Bd4 (20. Ng5 $11) 20... Nbd5 (20... Nc4 $1 $15 {stays ahead.}) 21. g3 Bd8 22. Nb7 $2 (22. Ne5 $14 {keeps the upper hand.}) 22... Bb6 $2 (22... Bc6 $1 $19 {White must now prevent ...Nxe3+!} 23. Nd6 Qe7) 23. e4 (23. Nc5 $1 $14) 23... Bxd4 $17 24. Nxd4 Ne7 (24... e5 $15 25. Nf3 Nb6) 25. Nc5 $11 Nc6 (25... e5 $11 26. Nf3 Bh3+ 27. Kg1 Nc6) 26. Ne2 Rd8 27. Nxa6 (27. Kg2 $14) 27... Ne5 $1 28. Bb1 Bc6 29. Nc5 ({White should try} 29. Rxd8 $15 Qxd8 30. Nc5) 29... Qe7 $2 (29... Rxd1+ $1 $17 {and life is bright.} 30. Qxd1 Qa8) 30. Nd4 $16 Ba8 {[#]} 31. Kg2 $1 Nfd7 32. f4 $2 (32. Nxd7 $16 Qxd7 33. f4) 32... Ng4 $2 (32... Nxc5 $17 {stays on course.} 33. bxc5 Nc4) 33. Qc3 Nxc5 34. bxc5 Rc8 (34... e5 $142 35. Nf5 (35. Nxb5 exf4 36. Nd6 Ne3+ 37. Kf2 Nxd1+ 38. Rxd1 Qg5 $17) 35... Qe6) 35. Rc1 $40 {[%mdl 128] White has strong attack.} Rfd8 36. Nxb5 f5 {[#]} (36... Qb7 $16) 37. Nd6 $1 $18 {[%mdl 64] Double Attack} Rc7 38. Rhe1 g5 $2 (38... Nf6 39. Kg1 fxe4 40. Nxe4 Bxe4) 39. Nxf5 Qf8 40. Ba2 $2 {[%mdl 32768] Av CentiPawn Loss W=-43/B=-40. Weighted=-59/-43. Loss on time!?} (40. Kg1 $18 exf5 41. Ba2+ (41. exf5 gxf4 42. c6 Nf6 $11) 41... Rf7 42. c6 gxf4 43. Red1) 1-0